<?xml version="1.0" encoding="UTF-8"?>
<record
    xmlns:xsi="http://www.w3.org/2001/XMLSchema-instance"
    xsi:schemaLocation="http://www.loc.gov/MARC21/slim http://www.loc.gov/standards/marcxml/schema/MARC21slim.xsd"
    xmlns="http://www.loc.gov/MARC21/slim">

  <leader>02229nam0a2200421   4500</leader>
  <controlfield tag="001">RU\NLR\bibl\172678</controlfield>
  <controlfield tag="005">20260406152446.0</controlfield>
  <datafield tag="010" ind1=" " ind2=" ">
    <subfield code="a">5-02-004361-3</subfield>
    <subfield code="9">400</subfield>
  </datafield>
  <datafield tag="021" ind1=" " ind2=" ">
    <subfield code="a">RU</subfield>
    <subfield code="b">2001-17788</subfield>
    <subfield code="9">825</subfield>
  </datafield>
  <datafield tag="035" ind1=" " ind2=" ">
    <subfield code="a">(NLR Aleph) 000169450</subfield>
  </datafield>
  <datafield tag="090" ind1=" " ind2=" ">
    <subfield code="a">976217</subfield>
    <subfield code="c">976217</subfield>
  </datafield>
  <datafield tag="100" ind1=" " ind2=" ">
    <subfield code="a">20010716d2001    |||y0rusy50      ca</subfield>
  </datafield>
  <datafield tag="101" ind1="0" ind2=" ">
    <subfield code="a">rus</subfield>
  </datafield>
  <datafield tag="102" ind1=" " ind2=" ">
    <subfield code="a">RU</subfield>
  </datafield>
  <datafield tag="105" ind1=" " ind2=" ">
    <subfield code="a">c   |||||||||</subfield>
  </datafield>
  <datafield tag="200" ind1="1" ind2=" ">
    <subfield code="a">&#x425;&#x438;&#x43C;&#x438;&#x447;&#x435;&#x441;&#x43A;&#x43E;&#x435; &#x441;&#x442;&#x440;&#x43E;&#x435;&#x43D;&#x438;&#x435; &#x431;&#x438;&#x43E;&#x441;&#x444;&#x435;&#x440;&#x44B; &#x417;&#x435;&#x43C;&#x43B;&#x438; &#x438; &#x435;&#x435; &#x43E;&#x43A;&#x440;&#x443;&#x436;&#x435;&#x43D;&#x438;&#x44F;</subfield>
    <subfield code="f">&#x412;.&#x418;. &#x412;&#x435;&#x440;&#x43D;&#x430;&#x434;&#x441;&#x43A;&#x438;&#x439;</subfield>
    <subfield code="g">&#x41E;&#x442;&#x432;. &#x440;&#x435;&#x434;.: &#x434;. &#x444;&#x438;&#x43B;&#x43E;&#x441;. &#x43D;. &#x424;.&#x422;. &#x42F;&#x43D;&#x448;&#x438;&#x43D;&#x430;, &#x434;. &#x433;&#x435;&#x43E;&#x43B;.-&#x43C;&#x438;&#x43D;&#x435;&#x440;&#x430;&#x43B;. &#x43D;. &#x421;.&#x41D;. &#x416;&#x438;&#x434;&#x43E;&#x432;&#x438;&#x43D;&#x43E;&#x432;</subfield>
    <subfield code="g">[&#x420;&#x43E;&#x441;. &#x430;&#x43A;&#x430;&#x434;. &#x43D;&#x430;&#x443;&#x43A;. &#x41A;&#x43E;&#x43C;&#x438;&#x441;. &#x43F;&#x43E; &#x440;&#x430;&#x437;&#x440;&#x430;&#x431;. &#x43D;&#x430;&#x443;&#x447;. &#x43D;&#x430;&#x441;&#x43B;&#x435;&#x434;&#x438;&#x44F; &#x430;&#x43A;&#x430;&#x434;. &#x412;.&#x418;. &#x412;&#x435;&#x440;&#x43D;&#x430;&#x434;&#x441;&#x43A;&#x43E;&#x433;&#x43E; &#x438; &#x434;&#x440;.]</subfield>
  </datafield>
  <datafield tag="210" ind1=" " ind2=" ">
    <subfield code="a">&#x41C;.</subfield>
    <subfield code="c">&#x41D;&#x430;&#x443;&#x43A;&#x430;</subfield>
    <subfield code="d">2001</subfield>
  </datafield>
  <datafield tag="215" ind1=" " ind2=" ">
    <subfield code="a">375, [1] &#x441;., [1] &#x43B;. &#x43F;&#x43E;&#x440;&#x442;&#x440;.</subfield>
    <subfield code="d">25</subfield>
  </datafield>
  <datafield tag="225" ind1="1" ind2=" ">
    <subfield code="a">&#x411;&#x438;&#x431;&#x43B;&#x438;&#x43E;&#x442;&#x435;&#x43A;&#x430; &#x442;&#x440;&#x443;&#x434;&#x43E;&#x432; &#x430;&#x43A;&#x430;&#x434;&#x435;&#x43C;&#x438;&#x43A;&#x430; &#x412;. &#x418;. &#x412;&#x435;&#x440;&#x43D;&#x430;&#x434;&#x441;&#x43A;&#x43E;&#x433;&#x43E;</subfield>
    <subfield code="f">&#x413;&#x43B;. &#x440;&#x435;&#x434;.: &#x430;&#x43A;&#x430;&#x434;. &#x410;.&#x41B;. &#x42F;&#x43D;&#x448;&#x438;&#x43D;</subfield>
  </datafield>
  <datafield tag="300" ind1=" " ind2=" ">
    <subfield code="a">&#x412; &#x43D;&#x430;&#x434;&#x437;&#x430;&#x433;. &#x442;&#x430;&#x43A;&#x436;&#x435;: &#x418;&#x43D;-&#x442; &#x433;&#x435;&#x43E;&#x445;&#x438;&#x43C;&#x438;&#x438; &#x438; &#x430;&#x43D;&#x430;&#x43B;&#x438;&#x442;. &#x445;&#x438;&#x43C;&#x438;&#x438; &#x438;&#x43C;. &#x412;.&#x418;. &#x412;&#x435;&#x440;&#x43D;&#x430;&#x434;&#x441;&#x43A;&#x43E;&#x433;&#x43E;, &#x418;&#x43D;-&#x442; &#x43B;&#x438;&#x442;&#x43E;&#x441;&#x444;&#x435;&#x440;&#x44B; &#x43E;&#x43A;&#x440;&#x430;&#x438;&#x43D;. &#x438; &#x432;&#x43D;&#x443;&#x442;&#x440;. &#x43C;&#x43E;&#x440;&#x435;&#x439;</subfield>
  </datafield>
  <datafield tag="320" ind1=" " ind2=" ">
    <subfield code="a">&#x423;&#x43A;&#x430;&#x437;. &#x43F;&#x440;&#x435;&#x434;&#x43C;. &#x438; &#x438;&#x43C;&#x435;&#x43D;.: &#x441;. 361-370</subfield>
  </datafield>
  <datafield tag="320" ind1=" " ind2=" ">
    <subfield code="a">&#x411;&#x438;&#x431;&#x43B;&#x438;&#x43E;&#x433;&#x440;. &#x43D;&#x430;&#x443;&#x447;. &#x442;&#x440;. &#x412;.&#x418;. &#x412;&#x435;&#x440;&#x43D;&#x430;&#x434;&#x441;&#x43A;&#x43E;&#x433;&#x43E;, &#x442;&#x435;&#x43C;&#x430;&#x442;&#x438;&#x447;&#x435;&#x441;&#x43A;&#x438; &#x441;&#x432;&#x44F;&#x437;&#x430;&#x43D;. &#x441; &#x434;&#x430;&#x43D;&#x43D;&#x43E;&#x439; &#x440;&#x430;&#x431;&#x43E;&#x442;&#x43E;&#x439;: &#x441;. 358-360. &#x411;&#x438;&#x431;&#x43B;&#x438;&#x43E;&#x433;&#x440;. &#x432; &#x43F;&#x440;&#x438;&#x43C;&#x435;&#x447;.: &#x441;. 348-357. &#x411;&#x438;&#x431;&#x43B;&#x438;&#x43E;&#x433;&#x440;. &#x432; &#x43F;&#x440;&#x438;&#x43C;&#x435;&#x447;. &#x432; &#x43A;&#x43E;&#x43D;&#x446;&#x435; &#x433;&#x43B;.</subfield>
  </datafield>
  <datafield tag="606" ind1="1" ind2=" ">
    <subfield code="a">&#x411;&#x438;&#x43E;&#x433;&#x435;&#x43E;&#x445;&#x438;&#x43C;&#x438;&#x44F;</subfield>
    <subfield code="9">911136</subfield>
    <subfield code="3">RU\NLR\AUTH\6613059</subfield>
  </datafield>
  <datafield tag="610" ind1="0" ind2=" ">
    <subfield code="a">&#x411;&#x438;&#x43E;&#x441;&#x444;&#x435;&#x440;&#x430; - &#x425;&#x438;&#x43C;&#x438;&#x44F;</subfield>
  </datafield>
  <datafield tag="675" ind1=" " ind2=" ">
    <subfield code="a">550.7</subfield>
    <subfield code="v">3</subfield>
    <subfield code="z">rus</subfield>
  </datafield>
  <datafield tag="686" ind1=" " ind2=" ">
    <subfield code="a">38</subfield>
    <subfield code="2">rugasnti</subfield>
  </datafield>
  <datafield tag="686" ind1=" " ind2=" ">
    <subfield code="a">26.3</subfield>
    <subfield code="2">rubbk</subfield>
  </datafield>
  <datafield tag="686" ind1=" " ind2=" ">
    <subfield code="a">&#x415;081.1</subfield>
  </datafield>
  <datafield tag="686" ind1=" " ind2=" ">
    <subfield code="a">&#x415;072.9</subfield>
  </datafield>
  <datafield tag="700" ind1=" " ind2="1">
    <subfield code="4">070</subfield>
    <subfield code="8">rus</subfield>
    <subfield code="7">ca</subfield>
    <subfield code="a">&#x412;&#x435;&#x440;&#x43D;&#x430;&#x434;&#x441;&#x43A;&#x438;&#x439;</subfield>
    <subfield code="b">&#x412;. &#x418;.</subfield>
    <subfield code="f">1863-1945</subfield>
    <subfield code="g">&#x412;&#x43B;&#x430;&#x434;&#x438;&#x43C;&#x438;&#x440; &#x418;&#x432;&#x430;&#x43D;&#x43E;&#x432;&#x438;&#x447;</subfield>
    <subfield code="3">RU\NLR\auth\775962</subfield>
    <subfield code="9">115918</subfield>
  </datafield>
  <datafield tag="702" ind1=" " ind2="1">
    <subfield code="4">340</subfield>
    <subfield code="7">ca</subfield>
    <subfield code="8">rus</subfield>
    <subfield code="a">&#x42F;&#x43D;&#x448;&#x438;&#x43D;&#x430;</subfield>
    <subfield code="b">&#x424;. &#x422;.</subfield>
    <subfield code="f">1933-2011</subfield>
    <subfield code="g">&#x424;&#x438;&#x434;&#x430;&#x43D; &#x422;&#x430;&#x443;&#x444;&#x438;&#x43A;&#x43E;&#x432;&#x43D;&#x430;</subfield>
    <subfield code="9">185157</subfield>
    <subfield code="3">RU\NLR\AUTH\770185208</subfield>
  </datafield>
  <datafield tag="801" ind1=" " ind2="0">
    <subfield code="a">RU</subfield>
    <subfield code="b">RKP</subfield>
    <subfield code="c">20010716</subfield>
    <subfield code="g">PSBO</subfield>
  </datafield>
  <datafield tag="801" ind1=" " ind2="1">
    <subfield code="a">RU</subfield>
    <subfield code="b">RKP</subfield>
    <subfield code="c">20010716</subfield>
  </datafield>
  <datafield tag="801" ind1=" " ind2="2">
    <subfield code="a">RU</subfield>
    <subfield code="b">NLR</subfield>
    <subfield code="c">20020620</subfield>
    <subfield code="g">rcr</subfield>
  </datafield>
  <datafield tag="942" ind1=" " ind2=" ">
    <subfield code="c">BOOK</subfield>
  </datafield>
  <datafield tag="980" ind1=" " ind2=" ">
    <subfield code="a">NB</subfield>
  </datafield>
  <datafield tag="995" ind1=" " ind2=" ">
    <subfield code="5">2004-06-28</subfield>
    <subfield code="a">az</subfield>
    <subfield code="b">NLR01</subfield>
    <subfield code="c">NLR01</subfield>
    <subfield code="e">OZ4</subfield>
    <subfield code="f">1-619927</subfield>
    <subfield code="k">&#x422;1 &#x415; 081/&#x412;-350</subfield>
    <subfield code="o">0</subfield>
    <subfield code="r">BOOK</subfield>
    <subfield code="s">1_081350</subfield>
  </datafield>
  <datafield tag="995" ind1=" " ind2=" ">
    <subfield code="5">2001-07-26</subfield>
    <subfield code="a">ad</subfield>
    <subfield code="b">NLR01</subfield>
    <subfield code="c">NLR01</subfield>
    <subfield code="e">RF8</subfield>
    <subfield code="f">143706</subfield>
    <subfield code="k">2001-7/1410</subfield>
    <subfield code="o">0</subfield>
    <subfield code="r">BOOK</subfield>
    <subfield code="s">200171410_</subfield>
  </datafield>
  <datafield tag="995" ind1=" " ind2=" ">
    <subfield code="5">2001-07-26</subfield>
    <subfield code="a">ad</subfield>
    <subfield code="b">NLR01</subfield>
    <subfield code="c">NLR01</subfield>
    <subfield code="e">RF8</subfield>
    <subfield code="f">143707</subfield>
    <subfield code="k">2001-7/1410</subfield>
    <subfield code="o">0</subfield>
    <subfield code="r">BOOK</subfield>
    <subfield code="s">200171410_</subfield>
  </datafield>
</record>
